<?xml version="1.0" encoding="UTF-8"?>
<record
    xmlns:xsi="http://www.w3.org/2001/XMLSchema-instance"
    xsi:schemaLocation="http://www.loc.gov/MARC21/slim http://www.loc.gov/standards/marcxml/schema/MARC21slim.xsd"
    xmlns="http://www.loc.gov/MARC21/slim">

  <leader>00351nam a2200145Ia 4500</leader>
  <controlfield tag="003">OSt</controlfield>
  <controlfield tag="008">191201s2006    xx            000 0 und d</controlfield>
  <datafield tag="082" ind1=" " ind2=" ">
    <subfield code="a">954.035</subfield>
    <subfield code="b">GAI</subfield>
  </datafield>
  <datafield tag="100" ind1=" " ind2=" ">
    <subfield code="a">GANDHI, Kishore</subfield>
  </datafield>
  <datafield tag="245" ind1=" " ind2="0">
    <subfield code="a">India's Date with Destiny</subfield>
  </datafield>
  <datafield tag="260" ind1=" " ind2=" ">
    <subfield code="a">New Delhi</subfield>
    <subfield code="b">Allied Publication</subfield>
    <subfield code="c">2006</subfield>
  </datafield>
  <datafield tag="300" ind1=" " ind2=" ">
    <subfield code="a">264</subfield>
  </datafield>
  <datafield tag="650" ind1=" " ind2=" ">
    <subfield code="a">General Books</subfield>
  </datafield>
  <datafield tag="942" ind1=" " ind2=" ">
    <subfield code="2">ddc</subfield>
    <subfield code="c">BK</subfield>
  </datafield>
  <datafield tag="999" ind1=" " ind2=" ">
    <subfield code="c">3336</subfield>
    <subfield code="d">3336</subfield>
  </datafield>
  <datafield tag="952" ind1=" " ind2=" ">
    <subfield code="0">0</subfield>
    <subfield code="1">0</subfield>
    <subfield code="2">ddc</subfield>
    <subfield code="4">0</subfield>
    <subfield code="7">0</subfield>
    <subfield code="8">GENERAL</subfield>
    <subfield code="a">PIET</subfield>
    <subfield code="b">PIET</subfield>
    <subfield code="c">R02</subfield>
    <subfield code="d">2008-01-28</subfield>
    <subfield code="e">J B C, New Delhi</subfield>
    <subfield code="g">350.00</subfield>
    <subfield code="k">1049</subfield>
    <subfield code="l">0</subfield>
    <subfield code="o">954.035 GAI</subfield>
    <subfield code="p">8592</subfield>
    <subfield code="r">2019-12-04 00:00:00</subfield>
    <subfield code="w">2007-11-15</subfield>
    <subfield code="y">REF</subfield>
    <subfield code="z">Biography</subfield>
  </datafield>
  <datafield tag="952" ind1=" " ind2=" ">
    <subfield code="0">0</subfield>
    <subfield code="1">0</subfield>
    <subfield code="2">ddc</subfield>
    <subfield code="4">0</subfield>
    <subfield code="7">0</subfield>
    <subfield code="8">GENERAL</subfield>
    <subfield code="a">PIET</subfield>
    <subfield code="b">PIET</subfield>
    <subfield code="c">R02</subfield>
    <subfield code="d">2008-01-28</subfield>
    <subfield code="e">J B C, New Delhi</subfield>
    <subfield code="g">350.00</subfield>
    <subfield code="k">1049</subfield>
    <subfield code="l">0</subfield>
    <subfield code="o">954.035 GAI</subfield>
    <subfield code="p">8593</subfield>
    <subfield code="r">2019-12-04 00:00:00</subfield>
    <subfield code="w">2007-11-15</subfield>
    <subfield code="y">REF</subfield>
    <subfield code="z">Biography</subfield>
  </datafield>
  <datafield tag="952" ind1=" " ind2=" ">
    <subfield code="0">0</subfield>
    <subfield code="1">0</subfield>
    <subfield code="2">ddc</subfield>
    <subfield code="4">0</subfield>
    <subfield code="7">0</subfield>
    <subfield code="8">GENERAL</subfield>
    <subfield code="a">PIET</subfield>
    <subfield code="b">PIET</subfield>
    <subfield code="c">R02</subfield>
    <subfield code="d">2008-01-28</subfield>
    <subfield code="e">J B C, New Delhi</subfield>
    <subfield code="g">350.00</subfield>
    <subfield code="k">1049</subfield>
    <subfield code="l">0</subfield>
    <subfield code="o">954.035 GAI</subfield>
    <subfield code="p">8594</subfield>
    <subfield code="r">2019-12-04 00:00:00</subfield>
    <subfield code="w">2007-11-15</subfield>
    <subfield code="y">REF</subfield>
    <subfield code="z">Biography</subfield>
  </datafield>
  <datafield tag="952" ind1=" " ind2=" ">
    <subfield code="0">0</subfield>
    <subfield code="1">0</subfield>
    <subfield code="2">ddc</subfield>
    <subfield code="4">0</subfield>
    <subfield code="7">0</subfield>
    <subfield code="8">GENERAL</subfield>
    <subfield code="a">PIET</subfield>
    <subfield code="b">PIET</subfield>
    <subfield code="c">R02</subfield>
    <subfield code="d">2008-01-28</subfield>
    <subfield code="e">J B C, New Delhi</subfield>
    <subfield code="g">350.00</subfield>
    <subfield code="k">1049</subfield>
    <subfield code="l">0</subfield>
    <subfield code="o">954.035 GAI</subfield>
    <subfield code="p">8595</subfield>
    <subfield code="r">2019-12-04 00:00:00</subfield>
    <subfield code="w">2007-11-15</subfield>
    <subfield code="y">REF</subfield>
    <subfield code="z">Biography</subfield>
  </datafield>
  <datafield tag="952" ind1=" " ind2=" ">
    <subfield code="0">0</subfield>
    <subfield code="1">0</subfield>
    <subfield code="2">ddc</subfield>
    <subfield code="4">0</subfield>
    <subfield code="7">0</subfield>
    <subfield code="8">GENERAL</subfield>
    <subfield code="a">PIET</subfield>
    <subfield code="b">PIET</subfield>
    <subfield code="c">R02</subfield>
    <subfield code="d">2008-01-28</subfield>
    <subfield code="e">J B C, New Delhi</subfield>
    <subfield code="g">350.00</subfield>
    <subfield code="k">1049</subfield>
    <subfield code="l">0</subfield>
    <subfield code="o">954.035 GAI</subfield>
    <subfield code="p">8596</subfield>
    <subfield code="r">2019-12-04 00:00:00</subfield>
    <subfield code="w">2007-11-15</subfield>
    <subfield code="y">REF</subfield>
    <subfield code="z">Biography</subfield>
  </datafield>
</record>
